The noble scholar, jurist, historian


 His Excellency Dr. Abdul Wahhab bin Ibrahim Abu Sulaiman, may Allah have mercy on him.


 He was born in Umm Al-Qura in the year 1356 AH.

وسائلية الفقه والأصول في تحقيق مقاصد الشريعة / (Record no. 6847)

MARC details
000 -LEADER
fixed length control field 01505cam a2200361 i 4500
003 - CONTROL NUMBER IDENTIFIER
control field OSt
005 - DATE AND TIME OF LATEST TRANSACTION
control field 20250410081842.0
008 - FIXED-LENGTH DATA ELEMENTS--GENERAL INFORMATION
fixed length control field 250408s2013 ku g f000r0 ara c
020 ## - INTERNATIONAL STANDARD BOOK NUMBER
International Standard Book Number 9789996650864
040 ## - CATALOGING SOURCE
Original cataloging agency KW-KwMAI
Language of cataloging ara
Description conventions rda
082 04 - DEWEY DECIMAL CLASSIFICATION NUMBER
Classification number 251
Assigning agency SA-RiAUC
090 ## - LOCALLY ASSIGNED LC-TYPE CALL NUMBER (OCLC); LOCAL CALL NUMBER (RLIN)
Classification number (OCLC) (R) ; Classification number, CALL (RLIN) (NR) 251
Local cutter number (OCLC) ; Book number/undivided call number, CALL (RLIN) م ح م
100 1# - MAIN ENTRY--PERSONAL NAME
Personal name محمد، محمد أحمد القياتي،
Dates associated with a name 1973-
Relator term مؤلف.
245 10 - TITLE STATEMENT
Title وسائلية الفقه والأصول في تحقيق مقاصد الشريعة /
Statement of responsibility, etc. محمد أحمد القياتي محمد.
250 ## - EDITION STATEMENT
Edition statement الطبعة الأولى.
264 #1 - PRODUCTION, PUBLICATION, DISTRIBUTION, MANUFACTURE, AND COPYRIGHT NOTICE
Place of production, publication, distribution, manufacture الكويت :
Name of producer, publisher, distributor, manufacturer وزارة الأوقاف والشؤون الإسلامية، قطاع الشؤون الثقافية، إدارة الثقافة الإسلامية،
Date of production, publication, distribution, manufacture, or copyright notice 2013
300 ## - PHYSICAL DESCRIPTION
Extent 118 صفحة ؛
Dimensions 24 سم.
336 ## - CONTENT TYPE
Content type term نص
Content type code txt
Source rdacontent
Materials specified كتاب
337 ## - MEDIA TYPE
Media type term بدون وسيط
Media type code n
Source rdamedia
338 ## - CARRIER TYPE
Carrier type term مجلد
Carrier type code nc
Source rdacarrier
490 1# - SERIES STATEMENT
Series statement روافد.
-- مراجعات ؛
Volume/sequential designation 71
500 ## - GENERAL NOTE
General note الإخراج الفني : محمود محمد أبو الفضل.
504 ## - BIBLIOGRAPHY, ETC. NOTE
Bibliography, etc. note ببليوجرافية : صفحة 111-118.
506 0# - RESTRICTIONS ON ACCESS NOTE
Terms governing access يهدى ولا يباع.
520 0# - SUMMARY, ETC.
Summary, etc. أصول الفقه.
650 #7 - SUBJECT ADDED ENTRY--TOPICAL TERM
Topical term or geographic name entry element أصول الفقه الإسلامي
Source of heading or term aucsh
650 #7 - SUBJECT ADDED ENTRY--TOPICAL TERM
Topical term or geographic name entry element الأدلة الشرعية
Source of heading or term aucsh
650 #7 - SUBJECT ADDED ENTRY--TOPICAL TERM
Topical term or geographic name entry element مقاصد الشريعة
Source of heading or term aucsh
830 #0 - SERIES ADDED ENTRY--UNIFORM TITLE
Uniform title روافد.
Name of part/section of a work مراجعات
Volume/sequential designation 71
856 4# - ELECTRONIC LOCATION AND ACCESS
Uniform Resource Identifier <a href="BOOKS/135">BOOKS/135</a>
942 ## - ADDED ENTRY ELEMENTS (KOHA)
Source of classification or shelving scheme Dewey Decimal Classification
Koha item type Books
Suppress in OPAC No
949 ## - LOCAL PROCESSING INFORMATION (OCLC)
a SA-JeALM
d 250408
u mohamedma123
n 1
Holdings
Withdrawn status Lost status Source of classification or shelving scheme Damaged status Not for loan Home library Current library Date acquired Total checkouts Full call number Barcode Date last seen Price effective from Koha item type
    Dewey Decimal Classification     DR AbdElwahab Library DR AbdElwahab Library 04/10/2025   251 م ح م 000011430 04/10/2025 04/10/2025 Books